Unofficial guide to ethical hacking / (Record no. 184464)

MARC details
000 -LEADER
fixed length control field 00678nam a2200217Ia 4500
005 - DATE AND TIME OF LATEST TRANSACTION
control field 20251031144425.0
008 - FIXED-LENGTH DATA ELEMENTS--GENERAL INFORMATION
fixed length control field 210716s2001 xx 000 0 und d
020 ## - INTERNATIONAL STANDARD BOOK NUMBER
International Standard Book Number 333936795
040 ## - CATALOGING SOURCE
Transcribing agency AIMIT LIBRARY
041 ## - LANGUAGE CODE
Language code of text/sound track or separate title eng
082 ## - DEWEY DECIMAL CLASSIFICATION NUMBER
Classification number 005.8
Edition number 1
Item number FADA
100 ## - MAIN ENTRY--PERSONAL NAME
Personal name Fadia, Ankit.
9 (RLIN) 243386
245 ## - TITLE STATEMENT
Title Unofficial guide to ethical hacking /
Statement of responsibility, etc. By Ankit Fadia.
250 ## - EDITION STATEMENT
Edition statement 1st ed.
260 ## - PUBLICATION, DISTRIBUTION, ETC.
Place of publication, distribution, etc. New Delhi :
Name of publisher, distributor, etc. Macmillan India Ltd ,
Date of publication, distribution, etc. 2001.
300 ## - PHYSICAL DESCRIPTION
Extent xix,608p. ;
Other physical details PB
Dimensions 24.2 cm
650 ## - SUBJECT ADDED ENTRY--TOPICAL TERM
Topical term or geographic name entry element Advanced windows hacking
9 (RLIN) 243387
650 ## - SUBJECT ADDED ENTRY--TOPICAL TERM
Topical term or geographic name entry element Getting past the password
9 (RLIN) 243388
650 ## - SUBJECT ADDED ENTRY--TOPICAL TERM
Topical term or geographic name entry element Hacking concepts: a deeper approach
9 (RLIN) 243389
942 ## - ADDED ENTRY ELEMENTS (KOHA)
Source of classification or shelving scheme Dewey Decimal Classification
Koha item type Book
Edition 1st
Call number prefix 005.8 FADA
Holdings
Withdrawn status Lost status Damaged status Not for loan Collection code Home library Current library Date acquired Total Checkouts Full call number Barcode Date last seen Price effective from Koha item type Date last checked out
        MCA St Aloysius Institute of Management & Information Technology St Aloysius Institute of Management & Information Technology 07/16/2021   005.8 FADA MCA03972 05/23/2026 07/16/2021 Book  
        MCA St Aloysius Institute of Management & Information Technology St Aloysius Institute of Management & Information Technology 07/16/2021 1 005.8 FADA MCA04281 05/23/2026 07/16/2021 Book 09/15/2025